[Event "Gipuzkoa-ch"]
[Site "Donostia"]
[Date "2014.10.04"]
[Round "1.4"]
[White "Gallego Saez, Mario"]
[Black "Urretabizkaia Merino, Asier"]
[Result "0-1"]
[WhiteElo "1819"]
[BlackElo "2093"]
[PlyCount "82"]
[EventDate "2014.10.04"]
[EventType "swiss"]
[EventRounds "7"]
[EventCountry "ESP"]
[SourceTitle "EXT 2024"]
[Source "ChessBase"]
[SourceDate "2023.10.10"]
[SourceVersion "1"]
[SourceVersionDate "2023.10.10"]
[SourceQuality "1"]

1. d4 Nf6 2. Nf3 g6 3. c4 Bg7 4. Bf4 0-0 5. Nc3 d6 6. e4 c5 7. d5 Nbd7 8. Be2 a6 9. 0-0 Rb8 10. Rb1 b5 11. cxb5 axb5 12. Qc2 b4 13. Nb5 Nh5 14. Be3 Qa5 15. a4 bxa3 16. bxa3 Nb6 17. Rb3 Bd7 18. Rfb1 f5 19. Bd2 Qa4 20. Nc3 Bxc3 21. Qxc3 fxe4 22. Rxb6 Rxb6 23. Rxb6 exf3 24. Bxf3 Ra8 25. Bh6 Nf6 26. g4 Bxg4 27. Rb7 Re8 28. Qe3 Bxf3 29. Qxf3 Qe4 30. Qxe4 Nxe4 31. a4 Kf7 32. Bf4 g5 33. Bg3 Nxg3 34. hxg3 Ra8 35. Rb1 Rxa4 36. Rd1 Rd4 37. Rxd4 cxd4 38. Kf1 Kf6 39. Ke2 Ke5 40. Kd3 h5 41. f3 h4 0-1